Multi-family housing : (Record no. 7504)

000 -LEADER
fixed length control field 00543cam a22001817i 4500
003 - CONTROL NUMBER IDENTIFIER
control field OSt
005 - DATE AND TIME OF LATEST TRANSACTION
control field 20200312055438.0
008 - FIXED-LENGTH DATA ELEMENTS--GENERAL INFORMATION
fixed length control field 200311s2003 at a 001 0 eng
020 ## - INTERNATIONAL STANDARD BOOK NUMBER
International Standard Book Number 9781876907693
Qualifying information (hardcover)
040 ## - CATALOGING SOURCE
Original cataloging agency DLC
Language of cataloging eng
Description conventions rda
Transcribing agency DLC
082 ## - DEWEY DECIMAL CLASSIFICATION NUMBER
Classification number 728.314097
Item number CRO
100 1# - MAIN ENTRY--PERSONAL NAME
Personal name Crosbie, Michael J.,
Relator term author.
245 10 - TITLE STATEMENT
Title Multi-family housing :
Remainder of title the art of sharing /
Statement of responsibility, etc Michael J. Crosbie.
300 ## - PHYSICAL DESCRIPTION
Extent 208 pages :
Other physical details illustrations (chiefly color) ;
Dimensions 31 cm
500 ## - GENERAL NOTE
General note includes index.
653 ## - INDEX TERM--UNCONTROLLED
Uncontrolled term Apartment houses.
942 ## - ADDED ENTRY ELEMENTS (KOHA)
Source of classification or shelving scheme
Holdings
Withdrawn status Lost status Source of classification or shelving scheme Damaged status Koha normalized classification for sorting Not for loan Permanent location Current location Date acquired Full call number Barcode Date last seen Price effective from Koha item type
        728_314097000000000_CRO   BMS College of Architecture, Design and Planning BMS College of Architecture, Design and Planning 2020-03-12 728.314097 CRO AR-UG1664 2020-03-12 2020-03-12 UG Books
Copyright © 2025, The Librarian, Library and Information Centre, BMSCA D&P, Bengaluru. All Rights Reserved
web counter

Powered by Koha